[Event "?"]
[Site "Pancevo"]
[Date "2003.??.??"]
[Round "?"]
[White "Cheparinov, Ivan"]
[Black "Martinovic, Slobodan"]
[Result "1-0"]
[WhiteElo "2505"]
[BlackElo "2460"]

1. e4 c5 2. Nf3 e6 3. d4 cxd4 4. Nxd4 a6 5. Bd3 Bc5 6. Nb3 Be7 7. O-O d6 8.
c4 Nf6 9. Nc3 b6 10. f4 Nbd7 11. Qf3 Bb7 12. Be3 O-O 13. Rae1 Qc7 14. Kh1
Rfe8 15. Qh3 g6 16. f5 exf5 17. exf5 Bf8 18. fxg6 hxg6 19. Nd5 Bxd5 20.
cxd5 Bg7 21. Rc1 Nc5 22. Bg5 Nh7 23. Bh6 Qe7 24. Bxg7 Kxg7 25. Nxc5 bxc5
26. Rc4 Ra7 27. Re4 Qd8 28. Ref4 Ng5 29. Qg3 Rh8 30. Rf6 Rh5 31. Rxd6 Rd7
32. Qe5+ Kg8 33. Rxd7 Qxd7 34. Be2 1-0

[Event "?"]
[Site "East Bay CC GM ;The Week in Ch"]
[Date "2005.??.??"]
[Round "1"]
[White "Pruess, David"]
[Black "Yermolinsky, Alex"]
[Result "0-1"]
[WhiteElo "2390"]
[BlackElo "2570"]

1. e4 c5 2. Nf3 e6 3. d4 cxd4 4. Nxd4 a6 5. Bd3 Bc5 6. Nb3 Be7 7. O-O d6 8.
Qg4 g6 9. Qe2 Nd7 10. Nc3 Ne5 11. Bf4 Nf6 12. Rfd1 Qc7 13. Nd4 O-O 14. Nf3
b5 15. a4 b4 16. Na2 a5 17. Nxe5 dxe5 18. Bg5 Bb7 19. c3 Nh5 20. Bxe7 Nf4
21. Qe1 Qxe7 22. cxb4 f5 23. f3 Nxd3 24. Rxd3 fxe4 25. fxe4 Rf4 26. Re3
Raf8 27. b5 Qc5 28. Qc3 Qb6 29. Re1 Bxe4 30. h3 Bd5 31. Nc1 Rf2 32. R1e2
Rf1+ 33. Kh2 e4 34. g3 Qb8 35. Rc2 Qd8 36. Re1 R8f2+ 37. Rxf2 Rxf2+ 38. Kg1
Rf3 39. Re3 Qb6 0-1

[Event "?"]
[Site "Bogny sur Meuse"]
[Date "2002.??.??"]
[Round "?"]
[White "Dunis, Aurelien"]
[Black "Kveinys, Aloyzas"]
[Result "0-1"]
[WhiteElo "2405"]
[BlackElo "2555"]

1. e4 c5 2. Nf3 e6 3. d4 cxd4 4. Nxd4 a6 5. Bd3 Bc5 6. Nb3 Be7 7. O-O d6 8.
f4 Nd7 9. Qe2 Qc7 10. c4 Ngf6 11. Bd2 b6 12. Nc3 Bb7 13. Rae1 e5 14. Nd5
Qd8 15. Bc3 O-O 16. Nd2 exf4 17. Rxf4 Ne5 18. Nf3 Nfd7 19. b3 g6 20. Nxe7+
Qxe7 21. Bb1 Rac8 22. Bb2 Nc5 23. Nd2 a5 24. Nf1 Rce8 25. Ne3 Qg5 26. Ref1
f5 27. exf5 Ned3 28. Rg4 Qxe3+ 29. Qxe3 Rxe3 30. Bd4 Re4 31. Rxe4 Bxe4 32.
fxg6 Rxf1+ 33. Kxf1 Bxg6 0-1

[Event "?"]
[Site "Open Andorra"]
[Date "2000.??.??"]
[Round "?"]
[White "Campora, Daniel H"]
[Black "Vehi Bach, Victor M"]
[Result "1-0"]
[WhiteElo "2530"]
[BlackElo "2430"]

1. e4 c5 2. Nf3 e6 3. d4 cxd4 4. Nxd4 a6 5. Bd3 Bc5 6. Nb3 Be7 7. O-O d6 8.
c4 Nf6 9. Nc3 O-O 10. Be3 b6 11. a4 Nc6 12. f4 Re8 13. Qf3 Bb7 14. Qh3 g6
15. Rad1 Qc7 16. Bb1 Na5 17. Nxa5 bxa5 18. f5 Bc8 19. fxg6 fxg6 20. e5 dxe5
21. Rxf6 Bxf6 22. Qf3 Rb8 23. Qxf6 Rf8 24. Qh4 Rxb2 25. Ne4 Bb7 26. Bd3 Bc6
27. Bf1 Bxa4 28. Re1 Bc6 29. Bh6 Rf7 30. Rd1 Rb8 31. Nf6+ Kh8 32. Ng4 Ba4
33. Re1 e4 34. Be3 e5 35. Qg3 Rb3 36. Nxe5 Re7 37. Qf2 1-0

[Event "?"]
[Site "FS12 GM Budapest HUN"]
[Date "2000.??.??"]
[Round "?"]
[White "Varga, Zoltan"]
[Black "Sziebert, Adam"]
[Result "1-0"]
[WhiteElo "2540"]
[BlackElo "2420"]

1. e4 c5 2. Nf3 e6 3. d4 cxd4 4. Nxd4 a6 5. Bd3 Bc5 6. Nb3 Be7 7. Qg4 Bf6
8. f4 d6 9. Nc3 Ne7 10. Be3 O-O 11. O-O-O Qc7 12. Ne2 g6 13. Kb1 Nbc6 14.
h4 h5 15. Qf3 Bd7 16. g4 hxg4 17. Qxg4 a5 18. h5 Kg7 19. Ng3 Rg8 20. hxg6
Kf8 21. f5 Ne5 22. Bh6+ Ke8 23. Qf4 a4 24. Nh5 Bh8 25. g7 axb3 26. cxb3
Bxg7 27. Bxg7 Kd8 28. Qh4 Nxd3 29. Rxd3 Qa5 30. a3 Rxg7 31. Nxg7 exf5 32.
Rc1 Bc6 33. Rxd6+ 1-0

[Event "?"]
[Site "Open Dutch Championship, Diere"]
[Date "2005.??.??"]
[Round "8"]
[White "Megaranto, Susanto"]
[Black "Bosch, Jeroen"]
[Result "1-0"]
[WhiteElo "2495"]
[BlackElo "2465"]

1. e4 c5 2. Nf3 e6 3. d4 cxd4 4. Nxd4 a6 5. Bd3 Bc5 6. Nb3 Be7 7. O-O d6 8.
f4 Nd7 9. Nc3 Ngf6 10. g4 Nc5 11. Nxc5 dxc5 12. g5 Nd7 13. e5 b5 14. Be4
Rb8 15. Qf3 Qc7 16. Be3 g6 17. Rad1 O-O 18. h4 b4 19. Ne2 Bb7 20. Ng3 h5
21. gxh6 Bxh4 22. Bxb7 Qxb7 23. Ne4 Be7 24. Rf2 Rfc8 25. h7+ Kh8 26. Nd6
Bxd6 27. Rxd6 Qxf3 28. Rxf3 Nb6 29. Bf2 Nd5 30. Bh4 Kxh7 31. Rxd5 g5 32.
Rd7 gxh4 33. Rxf7+ Kg6 34. Rf6+ Kh5 35. Rxe6 Rg8+ 36. Kh2 Rbd8 37. Rf2 Rd1
38. Rd6 Rxd6 39. exd6 Rd8 40. Rg2 Rxd6 41. Rg5+ Kh6 42. Rxc5 Rd4 43. Kh3
Rxf4 44. Ra5 Re4 45. Rxa6+ Kg5 46. Ra5+ Kf4 47. Rc5 Ke3 48. c3 Kd3 49. cxb4
Rxb4 50. b3 Rb8 51. Kxh4 Kd4 52. Rc4+ Kd5 53. Ra4 Rg8 54. Ra5+ Kc6 55. b4
Rb8 56. a3 Rg8 57. Rc5+ Kd6 58. Ra5 Kc6 59. a4 Rb8 60. Ra6+ Kd5 61. b5 Kc5
62. Kg5 Rf8 63. Kg6 Rf1 64. Kg7 Rf2 65. b6 Kc6 66. a5 Kb7 67. Ra7+ Kb8 68.
Rc7 Ra2 69. Rc5 Kb7 70. Kf6 Ka6 71. Ke6 Rd2 72. Rd5 Re2+ 73. Kd6 Rh2 74.
Kd7 Rh7+ 75. Kd6 Rh6+ 76. Ke5 Rh5+ 77. Ke6 Rh6+ 78. Ke7 Rh7+ 79. Kd8 Rh1
80. Rd7 Rc1 81. Ra7+ 1-0

[Event "?"]
[Site "Open Malaga ESP"]
[Date "2002.??.??"]
[Round "?"]
[White "Garcia Martinez, Silvino"]
[Black "Korneev, Oleg"]
[Result "1/2-1/2"]
[WhiteElo "2395"]
[BlackElo "2565"]

1. e4 c5 2. Nf3 e6 3. d4 cxd4 4. Nxd4 a6 5. Bd3 Bc5 6. Nb3 Be7 7. O-O d6 8.
f4 Nd7 9. Qe2 Qc7 10. Nc3 Ngf6 11. Bd2 b5 12. Rae1 b4 13. Nd1 Bb7 14. e5
dxe5 15. fxe5 Nd5 16. Kh1 Nc5 17. Nxc5 Bxc5 18. Nf2 Bd4 19. Be4 Ne7 20. Nh3
h6 21. Nf4 Rd8 22. Qg4 Bxe5 1/2-1/2

[Event "Capablanca Memorial Open"]
[Site "Havana CUB"]
[Date "2006.11.25"]
[Round "5"]
[White "Blanco, H"]
[Black "Arencibia, Walter"]
[Result "0-1"]
[WhiteElo "2426"]
[BlackElo "2530"]

1. e4 c5 2. Nf3 e6 3. d4 cxd4 4. Nxd4 a6 5. Bd3 Bc5 6. Nb3 Be7 7. O-O d6 8.
c4 Nc6 9. Nc3 Nf6 10. Qe2 Ne5 11. f3 O-O 12. Rd1 Qc7 13. Be3 Bd7 14. Rac1
Rac8 15. Nb1 b6 16. Qf2 Nxd3 17. Rxd3 Rb8 18. N1d2 Be8 19. Nf1 Nd7 20. Rdd1
Ne5 21. Qe2 Ba4 22. Nfd2 Bf6 23. Bd4 Qe7 24. Qe3 Bg5 25. f4 Bh6 26. Rf1 Ng6
27. e5 dxe5 28. Bxe5 Nxe5 29. Qxe5 g6 30. Nf3 Bg7 31. Qe2 b5 32. Ne5 bxc4
33. Nxc4 Bb5 0-1

[Event "?"]
[Site "Moscow Aeroflot Open"]
[Date "2002.??.??"]
[Round "?"]
[White "Bartel, Mateusz"]
[Black "Goloshchapov, Alexander"]
[Result "1-0"]
[WhiteElo "2410"]
[BlackElo "2545"]

1. e4 c5 2. Nf3 e6 3. d4 cxd4 4. Nxd4 a6 5. Bd3 Bc5 6. Nb3 Be7 7. Nc3 d6 8.
O-O Nf6 9. f4 Qc7 10. Qf3 Nbd7 11. Bd2 b6 12. Rae1 Bb7 13. Kh1 g6 14. Qh3
h5 15. Nd1 O-O-O 16. Nf2 h4 17. a4 Nh5 18. Qf3 Nc5 19. Qe2 Kb8 20. Nh3 Nxd3
21. cxd3 Qc2 22. Nd4 Qxa4 23. Bc3 Bf6 24. Qe3 Rc8 25. e5 Bg7 26. Ng5 Qd7
27. Ndf3 dxe5 28. fxe5 Bh6 29. Qxb6 Nf4 30. Bd4 Rc6 31. Qa7+ Kc8 32. Ne4 h3
33. gxh3 Qd5 34. Nd6+ Rxd6 35. exd6 Nxd3 36. Rd1 e5 37. Rxd3 exd4 38. Qxd4
Qxd4 39. Rxd4 Kd7 40. Kg2 Re8 41. Rd3 Bf4 1-0

[Event "?"]
[Site "XLIII WJun Kochin IND ;The Wee"]
[Date "2004.??.??"]
[Round "2"]
[White "Alekseev, Evgeny"]
[Black "D'Costa, Lorin"]
[Result "1-0"]
[WhiteElo "2600"]
[BlackElo "2355"]

1. e4 c5 2. Nf3 e6 3. d4 cxd4 4. Nxd4 a6 5. Bd3 Bc5 6. Nb3 Be7 7. O-O d6 8.
Qg4 g6 9. Qe2 Nd7 10. Bf4 Qc7 11. N1d2 Ngf6 12. a4 b6 13. Rfc1 O-O 14. a5
b5 15. c4 bxc4 16. Rxc4 Qb8 17. Rac1 Bb7 18. Qd1 Rd8 19. Rc7 Nh5 20. Be3 d5
21. e5 d4 22. Nxd4 Bb4 23. Rxb7 Qxb7 24. Be4 Qb8 25. Bxa8 Bxd2 26. Nc6 Qxb2
27. Rc2 1-0

[Event "?"]
[Site "TCh-CRO Rabac CRO ;The Week in"]
[Date "2004.??.??"]
[Round "1"]
[White "Ljubicic, Filip"]
[Black "Horvath, Csaba"]
[Result "1/2-1/2"]
[WhiteElo "2410"]
[BlackElo "2545"]

1. e4 c5 2. Nf3 e6 3. d4 cxd4 4. Nxd4 a6 5. Bd3 Bc5 6. Nb3 Be7 7. Be3 d6 8.
Nc3 Nf6 9. Qe2 Nbd7 10. O-O b5 11. a4 b4 12. Nb1 d5 13. N1d2 Bb7 14. Bf4
dxe4 15. Nxe4 Nxe4 16. Bxe4 Bxe4 17. Qxe4 O-O 18. Rfd1 Qc8 19. Nd4 Nf6 20.
Nc6 Bc5 1/2-1/2

[Event "?"]
[Site "Open Benasque ESP"]
[Date "1997.??.??"]
[Round "?"]
[White "Ionov, Sergey"]
[Black "Spassov, Liuben D"]
[Result "1/2-1/2"]
[WhiteElo "2530"]
[BlackElo "2425"]

1. e4 c5 2. Nf3 e6 3. d4 cxd4 4. Nxd4 a6 5. Bd3 Bc5 6. Nb3 Be7 7. O-O Nc6
8. Nc3 Bf6 9. Bf4 d6 10. Qd2 Nge7 11. Rad1 Ng6 12. Bg3 Be7 13. Be2 Nge5 14.
f4 Ng6 15. Qe3 Qc7 16. f5 Nge5 17. fxe6 Bxe6 18. Nd5 Bxd5 19. exd5 Nb8 20.
Nd4 g6 21. Qh6 Bf8 22. Qg5 Be7 23. Qh6 Bf8 24. Qg5 Be7 1/2-1/2

[Event "?"]
[Site "Bundesliga GER"]
[Date "2000.??.??"]
[Round "?"]
[White "Holzke, Frank"]
[Black "Kveinys, Aloyzas"]
[Result "1/2-1/2"]
[WhiteElo "2460"]
[BlackElo "2495"]

1. e4 c5 2. Nf3 e6 3. d4 cxd4 4. Nxd4 a6 5. Bd3 Bc5 6. Nb3 Be7 7. Qg4 g6 8.
c4 d6 9. Nc3 Nd7 10. Qe2 Qc7 11. O-O b6 12. f4 Bb7 13. f5 Ngf6 14. fxe6
fxe6 15. Nd4 Qc5 16. Be3 Qe5 17. Nf3 Qh5 18. h3 Nc5 19. Ng5 Qxe2 20. Bxe2
Rb8 21. Bxc5 bxc5 22. Nxe6 Bc8 23. Nc7+ Kd8 24. e5 dxe5 25. N7d5 Nxd5 26.
Rad1 Rf8 27. Rxd5+ Kc7 28. Rxe5 Rxf1+ 29. Bxf1 Bd6 30. Nd5+ Kc6 31. Re8 Bf5
32. Rxb8 Bxb8 33. Ne7+ Kd6 34. Nxf5+ gxf5 1/2-1/2

[Event "Weihnachtsopen Masters"]
[Site "Zurich SUI"]
[Date "2006.12.29"]
[Round "6"]
[White "Zude, Arno"]
[Black "Pikula, Dejan"]
[Result "1-0"]
[WhiteElo "2410"]
[BlackElo "2542"]

1. e4 c5 2. Nf3 e6 3. d4 cxd4 4. Nxd4 a6 5. Bd3 Bc5 6. Nb3 Be7 7. O-O d6 8.
Qg4 g6 9. Qe2 Nd7 10. Nc3 Qc7 11. Bf4 b6 12. Rfd1 Bb7 13. a4 Ne5 14. h3 h5
15. Bd2 Nf6 16. Bg5 Ned7 17. f4 O-O 18. Rf1 Qd8 19. Nd2 d5 20. e5 Nh7 21.
Bh6 Re8 22. Nf3 Nc5 23. Nd4 Ne4 24. Bxe4 dxe4 25. Rfd1 Bc5 26. Qe3 Re7 27.
Rd2 Qe8 28. Nxe4 Bxe4 29. Qxe4 Rd8 30. Kh2 f5 31. exf6 Nxf6 32. Qe5 Rf7 33.
Rad1 Kh7 34. Bg5 Bd6 35. Qxe6 Ne4 36. Re2 Rxf4 37. g3 Rf2+ 38. Rxf2 Bxg3+
39. Kg2 Bxf2 40. Bxd8 1-0

[Event "?"]
[Site "Lloyds Bank Open"]
[Date "1994.??.??"]
[Round "?"]
[White "Tilak, Sharad S"]
[Black "Emms, John M"]
[Result "0-1"]
[WhiteElo "2415"]
[BlackElo "2535"]

1. e4 c5 2. Nf3 e6 3. d4 cxd4 4. Nxd4 a6 5. Bd3 Bc5 6. Nb3 Be7 7. Nc3 d6 8.
O-O Nf6 9. f4 Qc7 10. Qf3 Nbd7 11. Bd2 b6 12. Rae1 Bb7 13. Qg3 g6 14. Qh3
b5 15. f5 gxf5 16. exf5 e5 17. Rf2 Rg8 18. Ne4 Bxe4 19. Bxe4 Nxe4 20. Rxe4
Nf6 21. Re1 Rc8 22. Qf3 h5 23. Kh1 Qc6 24. Qxc6+ Rxc6 25. c3 Kd7 26. Rfe2
Bd8 27. Be3 Bb6 28. Bxb6 Rxb6 29. Rd1 Kc7 30. Nd2 Rg4 31. Rf1 Rc6 32. g3
Kd7 33. Kg2 h4 34. Rf3 Rc8 35. Nf1 hxg3 36. Rxg3 Ra4 37. a3 Nh5 38. Rd2
Nxg3 39. hxg3 Re4 40. Kf3 Re1 41. Ne3 Rg8 42. Rh2 Rxg3+ 43. Kxg3 Rxe3+ 44.
Kg4 Ke7 45. Rh8 Re2 46. Ra8 Rg2+ 47. Kf3 Rxb2 48. Ra7+ Kf6 49. Rxa6 Kxf5
0-1

[Event "?"]
[Site "chY Czech Republic"]
[Date "2003.??.??"]
[Round "?"]
[White "Velicka, Petr"]
[Black "Timoscenko, Genadij A"]
[Result "1-0"]
[WhiteElo "2425"]
[BlackElo "2525"]

1. e4 c5 2. Nf3 e6 3. d4 cxd4 4. Nxd4 a6 5. Bd3 Bc5 6. Nb3 Be7 7. c4 d6 8.
Nc3 Nf6 9. O-O O-O 10. Be3 b6 11. f4 Nc6 12. Qe2 Re8 13. Rac1 Nd7 14. Rfd1
Rb8 15. Bb1 Bf8 16. Rd2 g6 17. Qd1 Qc7 18. Nb5 axb5 19. cxb5 Nc5 20. bxc6
Qxc6 21. Nd4 Qb7 22. Nb5 d5 23. b4 Na6 24. a3 Bd7 25. Nc3 Nc7 26. exd5 exd5
27. Bd4 Bg7 28. Bxg7 Kxg7 29. Nxd5 Nxd5 30. Rxd5 Bc6 31. Rd6 Bxg2 32. Qd4+
Kg8 33. Rd7 Qf3 34. Rxf7 Qe3+ 35. Qxe3 Rxe3 36. Ba2 Rxa3 37. Ra7+ Rxa2 38.
Rxa2 Bd5 39. Rac2 Be6 40. Rc7 Rf8 41. R1c6 Bh3 42. Rxb6 g5 43. Rbb7 Rxf4
44. Rb8+ Rf8 45. Rxf8+ 1-0

[Event "?"]
[Site "EU Team Ch (Men)"]
[Date "1997.??.??"]
[Round "?"]
[White "Belotti, Bruno"]
[Black "Kurajica, Bojan"]
[Result "0-1"]
[WhiteElo "2405"]
[BlackElo "2545"]

1. e4 c5 2. Nf3 e6 3. d4 cxd4 4. Nxd4 a6 5. Bd3 Bc5 6. Nb3 Be7 7. Nc3 Nc6
8. f4 d6 9. Be3 Nf6 10. Qf3 Nb4 11. g4 Nd7 12. O-O-O Nxd3+ 13. cxd3 b5 14.
Kb1 Bb7 15. g5 O-O 16. h4 b4 17. Ne2 Rc8 18. Rc1 Rxc1+ 19. Rxc1 a5 20. Bf2
a4 21. Nd2 d5 22. e5 Qa5 23. Rc2 Ra8 24. Nc1 b3 25. axb3 Bb4 26. Nc4 dxc4
27. Qxb7 0-1

[Event "?"]
[Site "Classics GM Gausdal NOR"]
[Date "2002.??.??"]
[Round "?"]
[White "Kotronias, Vasilios"]
[Black "Lie, Kjetil A"]
[Result "1/2-1/2"]
[WhiteElo "2565"]
[BlackElo "2385"]

1. e4 c5 2. Nf3 e6 3. d4 cxd4 4. Nxd4 Qb6 5. Nc3 Bc5 6. Na4 Qa5+ 7. c3 Bxd4
8. Qxd4 Nf6 9. Nc5 O-O 10. Nb3 Qh5 11. Qe3 Nc6 12. Bd3 d5 13. exd5 Nxd5 14.
Qg3 f5 15. Be2 Qf7 16. O-O f4 17. Qh4 e5 18. Bc4 b6 19. Nd2 Bf5 20. Nf3
Rad8 21. Re1 Qc7 22. b3 Kh8 23. Ba3 Rf6 24. Rad1 Nxc3 25. Rxd8+ Qxd8 26.
Bb2 Ne4 27. Bxe5 Nxe5 28. Nxe5 Qd2 29. Nf3 Qd6 30. g4 fxg3 31. hxg3 Bg6 32.
Rxe4 Rxf3 33. Rd4 Qc5 34. Qd8+ Rf8 35. Qd6 Qxd6 36. Rxd6 Bf5 37. f4 g6 38.
Kf2 Kg7 39. a4 Rc8 40. Ke3 Re8+ 41. Kd2 Re7 42. Bb5 Rc7 43. Bc4 h5 44. a5
bxa5 45. Ra6 Rd7+ 46. Ke3 Re7+ 47. Kf2 Kh6 48. Rxa5 Rd7 49. Bd5 Rc7 50. Bc4
Rd7 51. Ke3 h4 52. gxh4 Kh5 53. Rd5 Rxd5 54. Bxd5 a5 55. Bf7 1/2-1/2

[Event "?"]
[Site "Berliner Sommer"]
[Date "1998.??.??"]
[Round "?"]
[White "Vatter, Hans-Joachim"]
[Black "Lalic, Bogdan"]
[Result "1/2-1/2"]
[WhiteElo "2385"]
[BlackElo "2560"]

1. e4 c5 2. Nf3 e6 3. d4 cxd4 4. Nxd4 a6 5. Bd3 Bc5 6. Nb3 Be7 7. O-O Qc7
8. f4 d6 9. a4 Nd7 10. a5 Ngf6 11. Nc3 O-O 12. Be3 e5 13. f5 b5 14. axb6
Nxb6 15. Kh1 Bb7 16. Na5 d5 1/2-1/2

[Event "?"]
[Site "Open Manresa"]
[Date "1997.??.??"]
[Round "?"]
[White "Rodriguez, Amador C"]
[Black "Vehi Bach, Victor M"]
[Result "1-0"]
[WhiteElo "2555"]
[BlackElo "2390"]

1. e4 c5 2. Nf3 e6 3. d4 cxd4 4. Nxd4 a6 5. Bd3 Bc5 6. Nb3 Be7 7. Qg4 Bf6
8. O-O Nc6 9. f4 d6 10. Nc3 h5 11. Qf3 Qc7 12. Be3 Nge7 13. Rad1 Rb8 14. a4
b6 15. Rd2 e5 16. f5 Nd4 17. Qf2 Nxb3 18. cxb3 O-O 19. Qe2 1-0

[Event "?"]
[Site "TCh-NED"]
[Date "2005.??.??"]
[Round "2"]
[White "Solleveld, Maarten"]
[Black "Siebrecht, Sebastian"]
[Result "1/2-1/2"]
[WhiteElo "2460"]
[BlackElo "2485"]

1. e4 c5 2. Nf3 e6 3. d4 cxd4 4. Nxd4 a6 5. Bd3 Bc5 6. Nb3 Be7 7. O-O d6 8.
Qg4 g6 9. Qe2 Nc6 10. c4 b6 11. Nc3 Bb7 12. Be3 Nf6 13. Bh6 Ne5 14. Rad1
Nfg4 15. Bc1 Nxd3 16. Rxd3 Ne5 17. Rd4 O-O 18. f4 Nd7 19. f5 Ne5 20. Bf4
Qc7 21. Bh6 Rfc8 22. f6 Bd8 23. Qf2 b5 24. cxb5 axb5 25. Nxb5 Qb6 26. Nxd6
Ba6 27. Nxc8 Rxc8 28. Qg3 Bxf1 29. Qxe5 Bc7 30. Qc5 Ba6 31. Rb4 Qxc5+ 32.
Nxc5 Be2 33. Kf2 Bh5 34. Nd3 Bxh2 35. Ke3 e5 36. b3 g5 37. Bxg5 h6 38. Bh4
Rc2 39. Rb8+ Kh7 40. Nb4 Rxg2 41. Nd5 Rxa2 42. Ne7 Bg1+ 43. Kd3 Bd4 44. Kc4
Bg4 45. Rg8 Be6+ 46. Kb4 Ra7 47. Rg7+ Kh8 48. Rg8+ 1/2-1/2

[Event "?"]
[Site "Team Ch Medulin"]
[Date "2002.??.??"]
[Round "?"]
[White "Ljubicic, Filip"]
[Black "Horvath, Csaba"]
[Result "0-1"]
[WhiteElo "2430"]
[BlackElo "2515"]

1. e4 c5 2. Nf3 e6 3. d4 cxd4 4. Nxd4 a6 5. Bd3 Bc5 6. Nb3 Be7 7. O-O d6 8.
a4 b6 9. Be3 Nf6 10. c4 Nc6 11. Nd4 Nb4 12. Qb3 Nxd3 13. Qxd3 Bb7 14. Nd2
O-O 15. f3 Nd7 16. Kh1 Rc8 17. Qe2 Re8 18. a5 d5 19. cxd5 exd5 20. axb6 Bc5
21. Qf2 Qxb6 22. N2b3 dxe4 23. fxe4 Qg6 24. Rad1 Bxe4 25. Rc1 Bf8 26. Rxc8
Rxc8 27. Nd2 Bd3 28. Rd1 Nf6 29. N2f3 Ng4 30. Qd2 Nxe3 31. Qxe3 Be4 32. Re1
Re8 33. Ra1 h6 34. Qe2 a5 35. Qb5 Rd8 36. Qe2 Bb4 37. Ne5 Qxg2+ 38. Qxg2
Bxg2+ 39. Kxg2 Rxd4 40. Nc6 Rd2+ 41. Kh3 Bd6 42. Rxa5 Rxb2 43. Kg4 Rc2 44.
Ra8+ Kh7 45. Nd8 Rf2 46. Ra5 Kg6 47. Kh4 0-1

[Event "?"]
[Site "VI Sants Open, Barcelona ESP"]
[Date "2004.??.??"]
[Round "9"]
[White "Munoz Pantoja, Miguel"]
[Black "Li Shilong"]
[Result "1-0"]
[WhiteElo "2420"]
[BlackElo "2525"]

1. e4 c5 2. Nf3 e6 3. d4 cxd4 4. Nxd4 a6 5. Bd3 Bc5 6. Nb3 Be7 7. Qg4 g6 8.
Nc3 d6 9. O-O Nc6 10. a4 b6 11. Be3 Nf6 12. Qe2 O-O 13. Bh6 Re8 14. f4 Kh8
15. e5 Ng8 16. exd6 Qxd6 17. Bg5 Bb7 18. Rad1 Qc7 19. Bxe7 Rxe7 20. Be4 Nf6
21. Bxc6 Bxc6 22. Qe5 Qxe5 23. fxe5 Nd5 24. Nxd5 Bxd5 25. Nd4 Rc8 26. c3
Rc4 27. Rf4 Rc5 28. h4 h6 29. Rd3 Kg7 30. b3 Bb7 31. Re3 Rd7 32. Kh2 Bd5
33. Kg3 Bb7 34. Kf2 Re7 35. Ne2 a5 36. c4 Rd7 37. Rd4 Rxd4 38. Nxd4 Kf8 39.
g3 Ke7 40. Ke2 Bc8 41. Nb5 Bb7 42. Nd4 Bc8 43. Nb5 Bd7 44. Nd6 f6 45. exf6+
Kxd6 46. Rd3+ Ke5 47. f7 Rc8 48. Rxd7 Rf8 49. Ke3 Kf6 50. Kd4 Rxf7 51.
Rxf7+ Kxf7 52. c5 bxc5+ 53. Kxc5 e5 54. b4 axb4 55. Kxb4 Ke6 56. Kc5 1-0

[Event "?"]
[Site "TCh-AUT"]
[Date "2006.??.??"]
[Round "1"]
[White "Korneev, Oleg"]
[Black "Wukits, Rene"]
[Result "1-0"]
[WhiteElo "2655"]
[BlackElo "2290"]

1. e4 c5 2. Nf3 e6 3. d4 cxd4 4. Nxd4 a6 5. Bd3 Bc5 6. Nb3 Be7 7. Qe2 d6 8.
Be3 Nd7 9. f4 b6 10. N1d2 Bb7 11. O-O-O Ngf6 12. g4 Nc5 13. Bf2 Qc7 14. Kb1
O-O 15. g5 Nfd7 16. Rhg1 Rfc8 17. h4 Nxd3 18. cxd3 a5 19. Nd4 Ba6 20. N2f3
Nc5 21. h5 e5 22. Nf5 Ra7 23. Bg3 d5 24. exd5 e4 25. Ne5 exd3 26. Qe3 Na4
27. Nc6 Bc5 28. Qe4 Bxg1 29. Rxg1 Nc5 30. Qd4 f6 31. gxf6 Re8 32. fxg7 h6
33. Bh4 d2 34. Nxh6+ Kh7 35. g8=Q+ Rxg8 36. Nxg8 Bd3+ 37. Qxd3+ Nxd3 38.
Nf6+ Kh6 39. Rg6# 1-0

[Event "?"]
[Site "ol (Men) Manila PHI"]
[Date "1992.??.??"]
[Round "?"]
[White "Sznapik, Aleksander"]
[Black "Kveinys, Aloyzas"]
[Result "0-1"]
[WhiteElo "2460"]
[BlackElo "2485"]

1. e4 c5 2. Nf3 e6 3. d4 cxd4 4. Nxd4 Qb6 5. Nc3 Bc5 6. Na4 Qa5+ 7. c3 Bxd4
8. Qxd4 Nf6 9. Nc5 O-O 10. Be2 Nc6 11. Qe3 Qb6 12. f3 d5 13. O-O e5 14.
exd5 Nxd5 15. Qf2 Bf5 16. Bc4 Nce7 17. Bb3 Rfd8 18. Re1 Qc7 19. Ne4 b6 20.
Bd2 Ng6 21. g3 h6 22. Rad1 Kh8 23. c4 Bxe4 24. Rxe4 Nf6 25. Ree1 e4 26. f4
Rd3 27. Bc2 Ng4 28. Qe2 Qc5+ 29. Kg2 Rf3 30. Rf1 Qh5 31. Kg1 Re8 32. Qg2
Qc5+ 33. Kh1 Nf2+ 34. Rxf2 Rxf2 35. Qh3 e3 36. Bc3 Kg8 37. Qd7 Qe7 38. Qc6
Qe6 39. Qd5 Re7 40. Kg1 Qxd5 41. cxd5 e2 42. Re1 Rf1+ 43. Rxf1 exf1=Q+ 44.
Kxf1 Rd7 45. Bxg6 fxg6 46. Ke2 Rxd5 47. Ke3 Kf7 48. Ke4 Rd1 49. h4 h5 50.
a3 Rg1 51. Kf3 Ke6 52. Bxg7 Kf5 53. Bc3 Rd1 54. Ke2 Rd7 55. Ke3 Kg4 56. Be5
Rd1 57. Bb8 a6 58. Bc7 Rb1 59. Be5 Rf1 60. Ke4 Rf3 61. Kd5 Rxg3 62. Kc6
Kxh4 63. Kxb6 Kg4 0-1

[Event "?"]
[Site "Mitropa Cup, Zemplinska Sirava"]
[Date "2004.??.??"]
[Round "8"]
[White "Brkic, Ante"]
[Black "Horvath, Ad1"]
[Result "0-1"]
[WhiteElo "2425"]
[BlackElo "2515"]

1. e4 c5 2. Nf3 e6 3. d4 cxd4 4. Nxd4 a6 5. Bd3 Bc5 6. Nb3 Be7 7. Be3 d6 8.
N1d2 Qc7 9. f4 Nf6 10. Qf3 Nc6 11. c3 b6 12. O-O Bb7 13. a4 Nb8 14. f5 exf5
15. Qxf5 Nbd7 16. h3 Ne5 17. Bc2 O-O 18. Qf2 Nfd7 19. Nd4 Bf6 20. Qg3 Ng6
21. Nf5 Be5 22. Qf3 Rae8 23. h4 Ne7 24. Nxe7+ Rxe7 25. Rae1 Nc5 26. Kh1 Re6
27. h5 Rf6 28. Qh3 Qe7 29. Nf3 Bc8 30. Qh4 h6 31. Rf2 Qe6 32. b4 Nd7 33.
Nd4 Qc4 34. Nf5 Qxc3 35. Ree2 Qa1+ 36. Rf1 Qxf1+ 37. Bg1 Qxe2 38. Bb3 Qf1
39. Qg4 Rxf5 40. exf5 Nf6 41. Qh3 Bd4 0-1

[Event "?"]
[Site "Bundesliga GER"]
[Date "2000.??.??"]
[Round "?"]
[White "Chandler, Murray G"]
[Black "Lemmers, Oscar"]
[Result "1-0"]
[WhiteElo "2525"]
[BlackElo "2415"]

1. e4 c5 2. Nf3 e6 3. d4 cxd4 4. Nxd4 Qb6 5. Nc3 Bc5 6. Be3 Nc6 7. Ndb5
Bxe3 8. fxe3 Qxe3+ 9. Be2 Kf8 10. Qd6+ Nge7 11. Rd1 f6 12. Rf1 Qg5 13. g3
a6 14. Nd4 Nxd4 15. Rxd4 Ke8 16. Rd2 Nc6 17. Na4 Qe5 18. Qd3 Qa5 19. b3 b5
20. Nc5 Qc7 21. a3 Ke7 22. Qe3 d6 23. Nd3 e5 24. g4 Nd4 25. Nb4 Bb7 26. g5
Qc8 27. gxf6+ gxf6 28. Rxf6 Qg8 29. Rxd4 exd4 30. Qxd4 Rd8 31. Bh5 Qg5 32.
Rf7+ Ke6 33. Rxb7 Qxh5 34. Nd5 Qh4+ 35. Kd1 Rhg8 36. Nf4+ Qxf4 37. Qd5+ Kf6
38. Rf7+ 1-0

[Event "?"]
[Site "Open Seville ESP"]
[Date "2002.??.??"]
[Round "?"]
[White "Fernandez Romero, Ernesto"]
[Black "Epishin, Vladimir V"]
[Result "0-1"]
[WhiteElo "2345"]
[BlackElo "2595"]

1. e4 c5 2. Nf3 e6 3. d4 cxd4 4. Nxd4 a6 5. Bd3 Bc5 6. Nb3 Be7 7. O-O d6 8.
c4 Nf6 9. Nc3 b6 10. Qe2 Nc6 11. Bd2 Ne5 12. Nd4 Qc7 13. Rae1 O-O 14. Kh1
Re8 15. f4 Nxd3 16. Qxd3 Bb7 17. b3 Rad8 18. Qh3 d5 19. cxd5 exd5 20. e5
Ne4 21. Nxe4 dxe4 22. Be3 Bf8 23. Qg3 Rd5 24. Qf2 Qd7 25. Rc1 a5 26. Ne2
Ba6 27. Rg1 Ba3 28. Nc3 Rd3 29. Rc2 Rc8 30. Nb1 Rxc2 31. Qxc2 Rxe3 32. Nxa3
Re2 33. Qc1 h5 34. Nc4 h4 35. h3 e3 36. Nd6 Bb7 37. f5 Bd5 38. Qd1 Rd2 39.
Qg4 Rxa2 40. Qxh4 Rf2 41. Qg3 Qc6 42. Qg5 Qa8 43. Kh2 e2 44. Qe3 Rxg2+ 45.
Rxg2 Bxg2 46. Qxe2 Bd5 47. Nc4 Qb8 48. Nd6 Qc7 49. Qd3 Qc5 50. Ne4 Qc6 51.
Nf2 b5 52. Ng4 a4 53. bxa4 bxa4 54. f6 Qc4 55. Qd2 Qa2 0-1

[Event "?"]
[Site "Team Ch France"]
[Date "2001.??.??"]
[Round "?"]
[White "Santo Roman, Marc"]
[Black "Hauchard, Arnaud"]
[Result "1/2-1/2"]
[WhiteElo "2415"]
[BlackElo "2525"]

1. e4 c5 2. Nf3 e6 3. d4 cxd4 4. Nxd4 Qb6 5. Nc3 Bc5 6. Be3 Nc6 7. Ndb5
Bxe3 8. fxe3 Nf6 9. Nd6+ Ke7 10. Qd2 a6 11. O-O-O Rd8 12. Qf2 Qc5 13. g4
Ne5 14. Be2 Ne8 15. Nxe8 Kxe8 16. Rhf1 Qe7 17. h4 d6 18. g5 Bd7 19. Qf4 Bc6
20. h5 Rac8 21. Kb1 Rd7 22. Bd3 Kd8 23. Rf2 Kc7 24. Rdf1 Rf8 25. Qg3 Rdd8
26. Ne2 f6 27. Nd4 Bd7 28. gxf6 Rxf6 29. Rf4 Rdf8 30. a3 R8f7 31. R1f2 Qf8
32. Qh4 Kb8 33. Bf1 Qe7 34. Qg3 Kc7 35. Be2 Nc6 36. Bc4 Rxf4 37. Rxf4 Rxf4
38. Qxf4 e5 39. Nxc6 Bxc6 40. Qf5 h6 41. Bd5 Be8 42. b4 Qf6 43. Qg4 Bd7 44.
Qg2 Be8 45. Qg4 g5 46. hxg6 Qxg6 47. Qf3 h5 48. Qf8 Bd7 49. Qe7 b5 50. Kb2
Qg4 51. c4 bxc4 52. Bxc4 Qxe4 53. Be6 Qg2+ 54. Kb3 Qc6 55. Qh7 h4 56. Bxd7
Qxd7 57. Qxh4 Kb6 58. a4 Qf5 59. Qd8+ Kc6 60. Qa8+ Kc7 61. Qa7+ Kd8 62.
Qb8+ Kd7 63. Qb7+ Kd8 64. Qb8+ Kd7 65. Qb7+ 1/2-1/2